000 02163cam a22003974a 4500
001 65617515
003 OCoLC
005 20210411104522.0
008 060331s2007 paua b 001 0 eng
010 _a 2006011197
016 7 _a101273086
_2DNLM
020 _a0781750040
024 3 _a9780781750042
040 _aDNLM/DLC
_cDLC
_dNLM
_dBAKER
_dC#P
042 _apcc
049 _aYYEA
080 _a617
_bE-80
096 _aWO 500 E784 2007
245 0 0 _aEssentials of surgical specialties /
_csenior editor, Peter F. Lawrence ; editors, Richard M. Bell, Merril T. Dayton ; textbook content editor, Mohammed I. Ahmed ; question bank editor, James C. Hebert.
250 _a3rd ed.
260 _aPhiladelphia:
_bLippincott Williams & Wilkins,
_cc2007.
300 _axii, 467 p. :
_bill. ;
_c28 cm.
365 _b5.92 usd
504 _aIncludes bibliographical references and index.
505 0 _aAnesthesiology / Susan L. Polk ... [et al.] -- Pediatric surgery: surgical diseases of children / Philip J. Wolfson ... [et al.] -- Plastic surgery: diseases of the skin and soft tissue, face, and hand / Garrett A. Wirth and Gregory R.D. Evans -- Cardiothoracic surgery: diseases of the heart, great vessels, and thoracic cavity / Alan Spotnitz, Marshall L. Jacobs, and Manisha R. Shende -- Otolaryngology: diseases of the head and neck / Gerald Berke ... [et al.] -- Orthopedic surgery: diseases of the musculoskeletal system / John J. Murnaghan -- Urology: diseases of the genitourinary system / Joel Gelman, Barry P. Duel, and Isaac Yi Kim -- Neurosurgery: diseases of the nervous system / Mark E. Linskey -- Ophthalmology: diseases of the eye / Alan S. Crandall Jr. ... [et al.].
590 _ac.1 1001424x Ritt 12/12/06 $50.00.
650 2 _aSurgical Procedures, Operative.
650 2 _aSpecialties, Surgical
_xmethods.
653 _aქირურგია
653 _aქირურგიული პროცედურები
653 _aქირურგიული სპეციალობები
700 1 _aLawrence, Peter F.
700 1 _aBell, Richard M.
700 1 _aDayton, Merril T.
942 _2udc
_cBK
_e3
999 _c49
_d49